[Event "OS INCLIVEIS"]
[Site "http://www.queenalice.com/game.php?id=1416084"]
[Date "2016.3.31"]
[Round "-"]
[White "adelio"]
[Black "Knightgirl"]
[Result "1-0"]
[WhiteElo "1711"]
[BlackElo "1726"]

1. b4 d5 2. b5 b6 3. d4 Bf5 4. e3 Qd6 5. Be2 g6 6. g4 Be6 7. h4 Nf6 8. Nc3 Qb4
9. Bd2 Qd6 10. h5 g5 11. e4 Bh6 12. e5 Qb4 13. Nxd5 Nxd5 14. Bxb4 Nxb4 15. a3
Nd5 16. Rh3 Nf4 17. Rg3 Nd7 18. c4 Nxe2 19. Qxe2 Nf8 20. Qf3 Rd8 21. d5 Bd7 22.
Qc3 Rg8 23. Rd1 e6 24. d6 cxd6 25. Rxd6 Rc8 26. Rgd3 Rc7 27. Nf3 Rg7 28. Nd4 Ke7
29. Nc6+ Bxc6 30. bxc6 a6 31. Qb4 f6 32. Rd8+ Kf7 33. Qxf8# 1-0

[Event "christine - 141"]
[Site "http://www.queenalice.com/game.php?id=1421253"]
[Date "2016.5.4"]
[Round "-"]
[White "christine91"]
[Black "Knightgirl"]
[Result "0-1"]
[WhiteElo "1715"]
[BlackElo "1707"]

1. d4 d5 2. Nc3 Nf6 3. Nf3 e6 4. e3 Bb4 5. Bd2 Bxc3 6. Bxc3 O-O 7. Bd3 Nc6 8.
O-O b6 9. Bb5 Ba6 10. Bxc6 Rb8 11. Re1 Nh5 12. Ne5 Qd6 13. b4 Nf6 14. Ba4 b5 15.
Bb3 Ne4 16. Bd2 f6 17. Nf3 f5 18. Ne5 Bb7 19. Bc1 Ra8 20. Bb2 Nf6 21. f4 Qxb4
22. a3 Qd6 23. Bc3 Rfe8 24. Bb4 Qb6 0-1

[Event "Challenge"]
[Site "http://www.queenalice.com/game.php?id=1421942"]
[Date "2016.5.7"]
[Round "-"]
[White "Knightgirl"]
[Black "Tavaseba"]
[Result "1-0"]
[WhiteElo "1723"]
[BlackElo "1075"]

1. e4 a5 2. Bb5 a4 3. d3 Ra5 4. c4 c6 5. Bf4 d6 6. Bxc6+ Nxc6 7. Qd2 e5 8. Bg5
f6 9. Be3 a3 10. Nxa3 Ra4 11. Nf3 Qe7 12. Nb5 Qf7 13. O-O Qg6 14. Nc7+ Kd7 15.
Nd5 Na5 16. Nb6+ Kc7 17. Nxa4 b6 18. Bxb6+ Kb7 19. Qxa5 Qg4 20. Qa7+ Kc6 21.
Qc7# 1-0

[Event "Challenge"]
[Site "http://www.queenalice.com/game.php?id=1425066"]
[Date "2016.5.28"]
[Round "-"]
[White "ORNELAS"]
[Black "Knightgirl"]
[Result "0-1"]
[WhiteElo "1573"]
[BlackElo "1725"]

1. Nf3 e6 2. d4 d5 3. Bg5 Nf6 4. Ne5 Bd6 5. Nxf7 Kxf7 6. Qd2 Qe7 7. c3 Ne4 8.
Bxe7 Nxd2 9. Nxd2 Bxe7 10. e4 dxe4 11. Nxe4 Nc6 12. Bb5 Na5 13. O-O c6 14. Be2
b5 15. Bh5+ g6 16. b3 gxh5 17. a4 Nxb3 18. Ra2 Na5 19. axb5 Bd8 20. Nd6+ Kf6 21.
Re2 Be7 22. Ne4+ Kf7 23. bxc6 Nxc6 24. h3 a5 25. Ng3 h4 26. Ne4 Ba6 27. Re3 Bxf1
28. Kxf1 a4 29. Rf3+ Ke8 30. Nc5 Bxc5 31. dxc5 a3 32. Rf6 Ke7 33. Rf3 a2 34. Kg1
a1=Q+ 35. Kh2 Rhg8 36. Rf4 Qxc3 37. Rxh4 Rg7 38. g3 Ra1 39. Rg4 Rxg4 40. hxg4
Qf3 41. Kh3 Qh1# 0-1

[Event "Challenge"]
[Site "http://www.queenalice.com/game.php?id=1425067"]
[Date "2016.5.28"]
[Round "-"]
[White "ORNELAS"]
[Black "Knightgirl"]
[Result "0-1"]
[WhiteElo "1721"]
[BlackElo "1714"]

1. Nf3 Nc6 2. d4 Nf6 3. Bg5 e6 4. c3 Be7 5. Nbd2 O-O 6. Qc2 Nh5 7. Bxe7 Qxe7 8.
e3 d5 9. Bd3 f5 10. O-O Qf6 11. b4 a6 12. a3 b5 13. g3 Bb7 14. Ne5 Nxe5 15. Kg2
Nxd3 16. Qxd3 Bc6 17. Nf3 g6 18. Ne5 Be8 19. h4 Rc8 20. Nf3 c6 21. Ng5 Bd7 22.
Rae1 Rce8 23. Nf3 Ra8 24. Ne5 Be8 25. Ra1 a5 26. bxa5 Rxa5 27. Rfb1 Qd8 28. Nf3
Rf7 29. Ne5 Rc7 30. Rb4 Qa8 31. Rb3 Qa6 32. a4 b4 33. Qc2 Rxa4 34. Rxa4 Qxa4 35.
c4 Ra7 36. cxd5 exd5 37. Qd3 Nf6 38. Qb1 Ne4 39. Rxb4 Qa1 40. Qc2 Qa6 41. Rb8
Nf6 42. Qc5 Kg7 43. Qd6 Qa3 44. Qe6 Qf8 45. Qc8 Re7 46. Nxc6 Rd7 47. Rb7 Rxb7
48. Qxb7+ Qf7 49. Qb6 Bxc6 50. Qxc6 h6 51. Qd6 g5 52. hxg5 hxg5 53. Qb6 Kg6 54.
Qb1 Qh7 55. g4 Ne4 56. Qb6+ Nf6 57. gxf5+ Kxf5 58. Qd6 Qh4 59. Qe5+ Kg6 60. Kf1
Qh1+ 61. Ke2 Qc1 62. Kf3 Qh1+ 63. Ke2 Qe4 64. Qd6 Qg4+ 65. Kf1 Qh3+ 66. Ke2 Qf5
67. Qf8 Nh7 68. Qg8+ Kh6 69. Qd8 g4 70. Qg8 Qc2+ 71. Kf1 Qe4 72. Kg1 Nf6 73.
Qf8+ Kg5 74. Qg7+ Kf5 75. Qh6 Qf3 76. Qh4 Ne4 77. Qh5+ Ng5 78. Qh2 Nh3+ 79. Kf1
Qd1+ 80. Kg2 Qf3+ 81. Kf1 Qxf2+ 82. Qxf2+ Nxf2 83. Kxf2 Ke4 84. Kg3 Kxe3 85.
Kxg4 Kxd4 86. Kf4 Kc4 87. Ke3 Kc3 88. Ke2 d4 89. Kd1 Kd3 90. Ke1 Ke3 91. Kd1 Kd3
92. Ke1 Kc2 93. Ke2 d3+ 94. Ke3 d2 95. Ke4 d1=Q 96. Ke5 Qd3 97. Ke6 Qd4 98. Ke7
Qd5 99. Kf6 Kd3 100. Ke7 Ke4 101. Ke8 Ke5 102. Kf8 Qb7 103. Kg8 Kf6 104. Kh8
Qg7# 0-1

[Event "Let's Play Chess!"]
[Site "http://www.queenalice.com/game.php?id=1429275"]
[Date "2016.6.29"]
[Round "-"]
[White "ulisses34"]
[Black "Knightgirl"]
[Result "1-0"]
[WhiteElo "1860"]
[BlackElo "1735"]

1. e4 e5 2. Nf3 Nc6 3. c3 Bc5 4. d4 exd4 5. cxd4 Bb4+ 6. Bd2 Bxd2+ 7. Qxd2 Nf6
8. e5 Nd5 9. Bc4 Nce7 10. Qg5 O-O 11. Nc3 c6 12. Nxd5 Nxd5 13. Bxd5 cxd5 14. Qd2
d6 15. O-O Bg4 16. Qe3 Bxf3 17. Qxf3 dxe5 18. dxe5 Re8 19. Rfe1 Rc8 20. Rad1 Rc5
21. Re3 Re6 22. Qf4 Qe7 23. Qd4 b6 24. b3 Qc7 25. f4 Rc1 26. Qxd5 Rxd1+ 27. Qxd1
h6 28. Kf2 Qe7 29. Qg4 Rg6 30. Qc8+ Kh7 31. g3 Qe6 32. Rc3 Qxc8 33. Rxc8 Re6 34.
Rc7 a5 35. Rxf7 Rc6 36. a3 Rc3 37. e6 Kg6 38. Rd7 Rc8 39. e7 Re8 40. Rd6+ Kh7
41. Rxb6 Rxe7 42. Ra6 Rb7 43. Rxa5 Rxb3 44. Kg2 h5 45. Kh3 g6 46. Kh4 Kh6 47. h3
Re3 48. a4 Re4 49. Ra6 Rd4 50. a5 Rd7 51. Rb6 Kg7 52. a6 Kf7 53. Rb7 Ke8 54.
Rxd7 Kxd7 55. a7 1-0

[Event "Happy Canada Day"]
[Site "http://www.queenalice.com/game.php?id=1429923"]
[Date "2016.7.1"]
[Round "-"]
[White "Knightgirl"]
[Black "johnrbrown"]
[Result "0-1"]
[WhiteElo "1730"]
[BlackElo "2225"]

1. e4 e5 2. Nf3 Nc6 3. Bc4 Nf6 4. O-O Bc5 5. Nc3 O-O 6. d3 a6 7. Bg5 h6 8. Bxf6
Qxf6 9. Nd5 Qd8 10. Qd2 d6 11. h3 Be6 12. b3 b5 13. Nxc7 Qxc7 14. Bxe6 fxe6 15.
Qe2 b4 16. Nh2 Qf7 17. Nf3 Nd4 18. Nxd4 Bxd4 19. Rad1 a5 20. Qf3 Qxf3 21. gxf3
Rxf3 22. Kg2 Raf8 23. Rd2 R3f4 24. Kg3 Ra8 25. f3 a4 26. Rb1 axb3 27. axb3 Ra2
28. h4 h5 29. Rg2 Rf8 30. Rf1 Rc8 31. Kh3 Rcxc2 32. Rxc2 Rxc2 33. f4 exf4 34.
Rxf4 Rc3 35. Rf3 Rxb3 36. Kg3 Rc3 37. Rf1 Rxd3+ 38. Kf4 Be5+ 39. Kg5 Kh7 40. Rg1
Bf6+ 41. Kf4 b3 42. Rf1 b2 0-1

[Event "Challenge"]
[Site "http://www.queenalice.com/game.php?id=1430517"]
[Date "2016.7.6"]
[Round "-"]
[White "MADMIKE"]
[Black "Knightgirl"]
[Result "1-0"]
[WhiteElo "2005"]
[BlackElo "1719"]

1. d4 d5 2. Nc3 e6 3. a3 Nf6 4. Nf3 Bd6 5. e3 O-O 6. Bd3 Qd7 7. O-O Nc6 8. b4 e5
9. dxe5 Bxe5 10. Nxe5 Nxe5 11. a4 Nxd3 12. Qxd3 Ne4 13. Nxe4 Qf5 14. Ng3 Qxd3
15. cxd3 Be6 16. Bb2 g6 17. e4 dxe4 18. Nxe4 Rfd8 19. d4 Kf8 20. f4 Bf5 21. Nf6
Kg7 22. d5 Kh6 23. Rad1 Bc2 24. Ra1 Rac8 25. Rf2 Bf5 26. b5 Be6 27. dxe6 fxe6
28. Rf3 Kg7 29. Re1 Rd6 30. Ne8+ Kf7 31. Nxd6+ cxd6 32. Rfe3 Re8 33. Rc1 Re7 34.
g4 h6 35. a5 d5 36. b6 axb6 37. axb6 Rd7 38. Rc7 Re7 39. Ba3 1-0

[Event "Challenge"]
[Site "http://www.queenalice.com/game.php?id=1430518"]
[Date "2016.7.6"]
[Round "-"]
[White "Knightgirl"]
[Black "MADMIKE"]
[Result "0-1"]
[WhiteElo "1724"]
[BlackElo "2000"]

1. e3 e5 2. Nc3 d5 3. d4 e4 4. Be2 Nf6 5. f3 Be7 6. b3 O-O 7. Nh3 Bxh3 8. gxh3
exf3 9. Bxf3 Ne4 10. Bxe4 dxe4 11. Nxe4 Bh4+ 12. Ng3 Qd5 13. O-O Nd7 14. Qh5
Qxh5 15. Nxh5 Nf6 16. Nxf6+ Bxf6 17. Ba3 Rfe8 18. Rae1 a5 19. Rf5 c6 20. Ref1
Rxe3 21. R5f3 Bxd4 22. Rxf7 Rf3+ 23. Kg2 Rxf7 24. Rd1 c5 25. Bc1 Rf2+ 26. Kg3
Rxc2 27. a3 Rc3+ 28. Kg4 Rxb3 29. Re1 Rxa3 30. Bxa3 a4 31. Rc1 b6 32. Rb1 Rb8
33. h4 b5 34. Bc1 b4 35. Bf4 Re8 36. h3 a3 37. Bc1 a2 0-1

[Event "Let's Play Chess!"]
[Site "http://www.queenalice.com/game.php?id=1435014"]
[Date "2016.8.6"]
[Round "-"]
[White "Knightgirl"]
[Black "ringup478689"]
[Result "0-1"]
[WhiteElo "1728"]
[BlackElo "2228"]

1. e4 d6 2. Nf3 Nf6 3. Bc4 Nxe4 4. O-O e6 5. d3 Nc5 6. b3 d5 7. Bb5+ c6 8. b4
cxb5 9. bxc5 Bxc5 10. Be3 d4 11. Bf4 Nc6 12. Ne5 Qf6 13. Qg4 Nxe5 14. Bxe5 Qxe5
15. Qe4 Qxe4 16. dxe4 e5 17. Nd2 f6 18. f4 d3+ 19. Kh1 Be3 20. Nb3 dxc2 21. Nc1
exf4 22. Re1 Kf7 23. Re2 Bd4 24. a4 Bxa1 25. Rxc2 Rd8 26. h3 bxa4 27. Ra2 Rd1+
28. Kh2 Rxc1 29. Rxa4 Be6 30. Ra3 Rd8 31. Rf3 Be5 32. Rb3 f3+ 33. g3 Rd2# 0-1

[Event "Challenge"]
[Site "http://www.queenalice.com/game.php?id=1438100"]
[Date "2016.8.28"]
[Round "-"]
[White "ORNELAS"]
[Black "Knightgirl"]
[Result "0-1"]
[WhiteElo "1537"]
[BlackElo "1728"]

1. b3 e5 2. Bb2 Bd6 3. e4 Nf6 4. d3 O-O 5. Nf3 Nc6 6. g3 b6 7. c3 Ba6 8. c4 Bb4+
9. Nbd2 Bxd2+ 10. Qxd2 Qe7 11. Bg2 b5 12. cxb5 Bxb5 13. O-O Qd6 14. a4 Bxd3 15.
Rfd1 Nxe4 16. Qe3 Qc5 17. Qxd3 Nxf2 18. Qxd7 Nxd1+ 19. Bd4 exd4 20. Rxd1 d3+ 21.
Kh1 Nb8 22. Qxd3 Nc6 23. Rf1 Rae8 24. Nh4 Rd8 25. Qe4 Nd4 26. Nf3 Rfe8 27. Qh4
h6 28. h3 Nf5 29. Qg4 Ne3 30. Qh5 Qxh5 31. g4 Qc5 32. Rg1 Rd1 33. Rxd1 Nxd1 34.
Ng1 Nf2+ 35. Kh2 Qe5# 0-1

[Event "Let's Play Chess!"]
[Site "http://www.queenalice.com/game.php?id=1442025"]
[Date "2016.9.20"]
[Round "-"]
[White "chessplayer123"]
[Black "Knightgirl"]
[Result "1-0"]
[WhiteElo "1851"]
[BlackElo "1736"]

1. e4 e5 2. Nf3 Nc6 3. Bb5 Nf6 4. O-O Bc5 5. c3 Nxe4 6. a4 Nxf2 7. Rxf2 Bxf2+ 8.
Kxf2 O-O 9. Kg1 d6 10. d3 a6 11. Bxc6 bxc6 12. Bg5 f6 13. Bh4 Be6 14. Nbd2 c5
15. Ne4 Bd5 16. Qe2 Rb8 17. c4 Be6 18. Rb1 Qd7 19. Bg3 Qxa4 20. Nc3 Qd7 21. Nd5
Rb7 22. Nc3 Bg4 23. Nd5 c6 24. Ne3 Bxf3 25. Qxf3 Rb3 26. Nf5 a5 27. Ra1 Rxb2 28.
h4 Qb7 29. Rxa5 g6 30. Nxd6 Qd7 31. Ne4 Qd4+ 32. Kh2 Rb1 33. Rxc5 Qg1+ 34. Kh3
Qh1+ 35. Bh2 Rb6 36. Nxf6+ Kg7 37. Rxe5 c5 38. Re7+ Rf7 39. Nh5+ gxh5 40. Qxf7+
1-0

[Event "Let's Play Chess!"]
[Site "http://www.queenalice.com/game.php?id=1443340"]
[Date "2016.9.29"]
[Round "-"]
[White "chessplayer123"]
[Black "Knightgirl"]
[Result "0-1"]
[WhiteElo "1822"]
[BlackElo "1725"]

1. d4 d5 2. Nf3 Bf5 3. e3 Nc6 4. Bd2 Qd6 5. a3 O-O-O 6. Bc3 Kb8 7. Bd3 Bxd3 8.
cxd3 Nf6 9. b4 e6 10. Nbd2 g6 11. Nf1 Bh6 12. Ng3 Ng4 13. b5 Ne7 14. Bb4 Qd7 15.
a4 g5 16. Nxg5 Nf6 17. Nxf7 c6 18. Nxh6 Neg8 19. Nxg8 Rdxg8 20. bxc6 Qxc6 21.
O-O Rc8 22. Bc5 Nd7 23. Ba3 Nb6 24. a5 Nd7 25. Qe2 Qc7 26. Rfc1 Qd8 27. a6 Qb6
28. axb7 Rxc1+ 29. Rxc1 Qxb7 30. Qa2 Qa6 31. Rb1+ Nb6 32. Bd6+ Kb7 33. Be5 Qxa2
0-1

[Event "Let's Play Chess!"]
[Site "http://www.queenalice.com/game.php?id=1443341"]
[Date "2016.9.29"]
[Round "-"]
[White "Knightgirl"]
[Black "chessplayer123"]
[Result "0-1"]
[WhiteElo "1745"]
[BlackElo "1790"]

1. e4 e5 2. Nf3 Nc6 3. Bc4 Be7 4. d3 Nf6 5. Bg5 Nd4 6. Bxf6 Nxf3+ 7. Qxf3 Bxf6
8. Nc3 d6 9. O-O Be6 10. Bxe6 fxe6 11. a4 c6 12. Qg4 O-O 13. b3 Qe8 14. b4 d5
15. exd5 exd5 16. b5 d4 17. Ne4 cxb5 18. Nd6 Qc6 19. Qe6+ Kh8 20. Nf7+ Rxf7 21.
Qxf7 b4 22. Qb3 a5 23. f3 h6 24. Rfe1 Re8 25. Re4 Bg5 26. Kh1 Be3 27. Qc4 Qxc4
28. dxc4 Rc8 29. Rxe5 Rxc4 30. h3 Rxc2 31. Rxa5 b3 32. Rb5 b2 33. Ra2 Rc1+ 34.
Kh2 b1=Q 35. Rxb1 Rxb1 36. Ra3 b6 37. h4 Bf4+ 38. Kh3 Bd6 39. Ra2 Bc5 40. Kg4
Re1 41. g3 Rg1 42. f4 h5+ 43. Kf3 Re1 44. Kf2 Rh1 45. Kf3 Kg8 46. Rg2 Ra1 47.
Ke4 Rxa4 48. Kf5 d3 49. Kg5 Rd4 50. Rd2 b5 51. Kf5 b4 52. Kg5 b3 53. Kxh5 Ba3
54. Kg5 b2 55. Rd1 Kf7 56. h5 Bb4 57. Kf5 d2 58. Ke5 Bc3 59. g4 Rd3+ 60. Ke4 Rg3
61. g5 Ke6 62. f5+ Kd6 63. Kf4 Rg2 64. g6 Re2 65. Kf3 Re1 66. h6 gxh6 67. Rxd2+
Bxd2 68. g7 Re8 69. f6 b1=Q 70. f7 Qf5+ 0-1

[Event "Let's Play Chess!"]
[Site "http://www.queenalice.com/game.php?id=1447161"]
[Date "2016.11.1"]
[Round "-"]
[White "charles31"]
[Black "Knightgirl"]
[Result "1-0"]
[WhiteElo "1800"]
[BlackElo "1731"]

1. d4 d5 2. Nc3 Bf5 3. h3 Nf6 4. Bg5 Nc6 5. a3 e6 6. e3 a6 7. Bd3 Bxd3 8. Qxd3
Be7 9. Nf3 O-O 10. h4 Na5 11. Nd2 Qd6 12. Bf4 Qb6 13. Na4 Qb5 14. Qxb5 axb5 15.
Nc3 c6 16. f3 Nh5 17. g4 Nf6 18. b3 h6 19. g5 Nh5 20. gxh6 gxh6 21. Bxh6 Rfd8
22. O-O-O b6 23. Rhg1+ Kh8 24. Bg5 Nf6 25. Rg2 Rg8 26. Rdg1 Nb7 27. e4 Rg7 28.
e5 Bxa3+ 29. Kb1 Kh7 30. Bxf6 Rxg2 31. Rxg2 Rg8 32. Rxg8 Kxg8 33. f4 Bb4 34. Kb2
Bxc3+ 35. Kxc3 Kh7 36. Kd3 Kg6 37. Nf1 Kh5 38. Ke3 Kg4 39. Nh2+ Kh5 40. Nf3 c5
41. c3 Na5 42. b4 Nc4+ 43. Kf2 cxb4 44. cxb4 Nb2 45. Be7 Nd3+ 46. Ke3 Nb2 47.
Ng5 Kxh4 48. Nxf7+ Kg3 49. Ng5 Kg4 50. Nxe6 Kf5 51. Nc7 Nc4+ 52. Kf3 Nd2+ 53.
Ke2 Nb3 54. Nxb5 Kxf4 55. Nc3 Nxd4+ 56. Kd3 Kxe5 57. b5 Nf5 58. Bd8 d4 59. Ne2
Nd6 60. Nxd4 Kd5 61. Bxb6 Nc4 62. Ba7 Na5 63. Kc3 Nb7 64. b6 Kc5 65. Ne6+ Kb5
66. Nd4+ Kc5 67. Nb3+ Kb5 68. Kd4 Ka6 69. Kc4 Nd6+ 70. Kc5 Nc8 71. Bb8 Nxb6 72.
Kc6 Nc4 73. Bc7 Na3 74. Bb6 1-0

[Event "Kkaio77"]
[Site "http://www.queenalice.com/game.php?id=1450643"]
[Date "2016.11.17"]
[Round "-"]
[White "Cacmathias"]
[Black "Knightgirl"]
[Result "1-0"]
[WhiteElo "1801"]
[BlackElo "1731"]

1. e4 e5 2. Nf3 Nc6 3. d4 exd4 4. Nxd4 Nxd4 5. Qxd4 Nf6 6. e5 Nh5 7. Be2 g6 8.
Bxh5 Bg7 9. Be2 O-O 10. Nc3 c6 11. h4 b6 12. Bg5 Qe8 13. Bf6 Bxf6 14. exf6 Qd8
15. O-O-O Qe8 16. Qf4 Qe6 17. Bg4 Qe8 18. Qh6 Qe5 19. Qg7# 1-0

[Event "Let's Play Chess!"]
[Site "http://www.queenalice.com/game.php?id=1458741"]
[Date "2017.1.9"]
[Round "-"]
[White "knight576"]
[Black "Knightgirl"]
[Result "1-0"]
[WhiteElo "1995"]
[BlackElo "1718"]

1. e4 e5 2. Nc3 Nc6 3. Bc4 Nf6 4. Nf3 Bb4 5. Nd5 Nxd5 6. exd5 Nd4 7. c3 Nxf3+ 8.
Qxf3 Bd6 9. d3 O-O 10. Be3 b6 11. O-O-O Qe7 12. h4 Bc5 13. Bg5 Qd6 14. Be3 Bxe3+
15. fxe3 a5 16. g4 Ba6 17. Bb3 Rae8 18. Bc2 Bb7 19. c4 c6 20. dxc6 Bxc6 21. e4
f6 22. Qg3 b5 23. cxb5 Bxb5 24. d4 Qc6 25. Kb1 a4 26. Rh3 Rc8 27. Rc1 exd4 28.
Bb3+ Kh8 29. Rxc6 Rxc6 30. Bd5 Rc7 31. Qxc7 h6 32. b3 d3 33. bxa4 d2 34. Kc2 1-0

[Event "Challenge"]
[Site "http://www.queenalice.com/game.php?id=1461258"]
[Date "2017.1.26"]
[Round "-"]
[White "Knightgirl"]
[Black "knight576"]
[Result "0-1"]
[WhiteElo "1718"]
[BlackElo "2019"]

1. e4 e5 2. Nf3 Nc6 3. Bc4 Nf6 4. Nc3 Bc5 5. Ng5 O-O 6. O-O Nd4 7. Nf3 d6 8.
Nxd4 exd4 9. Nd5 Nxe4 10. d3 Ng5 11. Bxg5 Qxg5 12. Qf3 Qd8 13. Rae1 Be6 14. c3
Bxd5 15. Bxd5 c6 16. Bb3 dxc3 17. bxc3 d5 18. d4 Bd6 19. Bc2 Qc7 20. g3 f5 21.
Qd3 g5 22. f3 Bxg3 23. hxg3 Qxg3+ 24. Kh1 Rf6 0-1

[Event "Let's Play 21"]
[Site "http://www.queenalice.com/game.php?id=1462369"]
[Date "2017.2.3"]
[Round "-"]
[White "digger"]
[Black "Knightgirl"]
[Result "1-0"]
[WhiteElo "1673"]
[BlackElo "1731"]

1. e4 e5 2. d3 Nc6 3. Nf3 Bd6 4. c3 Nf6 5. Be2 O-O 6. O-O Bc5 7. d4 exd4 8. cxd4
Bb6 9. d5 Ne7 10. d6 Nc6 11. dxc7 Bxc7 12. Qc2 Bd6 13. Rd1 Qe7 14. Rd3 Nb4 15.
Qc4 Nxd3 16. Qxd3 Nxe4 17. Nd4 Nc5 18. Qf3 Be5 19. Nf5 Qe6 20. Be3 Na4 21. Nc3
Nxc3 22. bxc3 Bxc3 23. Rc1 Qxa2 24. Rxc3 Qa1+ 25. Bc1 Qa5 26. Bd2 Re8 27. Nd6 f6
28. h3 Qb4 29. Nxe8 b6 30. Qxa8 1-0

[Event "Challenge"]
[Site "http://www.queenalice.com/game.php?id=1462651"]
[Date "2017.2.4"]
[Round "-"]
[White "chessplayer123"]
[Black "Knightgirl"]
[Result "1-0"]
[WhiteElo "1824"]
[BlackElo "1713"]

1. e4 e5 2. Nf3 Bd6 3. Bc4 Qf6 4. d3 Nh6 5. Bg5 Qg6 6. Nc3 Bb4 7. Bh4 Bxc3+ 8.
bxc3 d6 9. Bg3 Bg4 10. h3 Bxf3 11. Qxf3 O-O 12. Rb1 b6 13. a4 a5 14. h4 Qf6 15.
Qxf6 gxf6 16. Ke2 Nd7 17. Bd5 Rad8 18. Bc6 Nc5 19. h5 f5 20. f3 fxe4 21. dxe4 f6
22. Bf2 Kg7 23. Be3 f5 24. c4 fxe4 25. fxe4 Ne6 26. Rbf1 Rxf1 27. Rxf1 Rf8 28.
Rxf8 Nxf8 29. Kf3 Ne6 30. g4 Nf4 31. Bxf4 Nf7 32. Bg3 Ng5+ 33. Ke3 Ne6 34. c3
Nc5 35. Bh4 h6 36. Bd8 Na6 37. Bb5 Nc5 38. Bxc7 Kf6 39. Bxb6 Nb3 40. Bd8+ Kf7
41. g5 hxg5 42. Bxg5 Nc5 43. Kf3 Ne6 44. Be3 Kf6 45. Bb6 Kg5 46. Bxa5 Kxh5 47.
Bb4 1-0

[Event "Challenge"]
[Site "http://www.queenalice.com/game.php?id=1462652"]
[Date "2017.2.4"]
[Round "-"]
[White "Knightgirl"]
[Black "chessplayer123"]
[Result "1-0"]
[WhiteElo "1701"]
[BlackElo "1837"]

1. e4 c6 2. Nf3 d6 3. Bd3 e5 4. O-O Nf6 5. b3 Be7 6. Ba3 O-O 7. Nc3 Nbd7 8. Be2
Re8 9. d3 Nc5 10. Bxc5 dxc5 11. Nxe5 Bd6 12. Nf3 Bc7 13. Qd2 Bg4 14. g3 Bh3 15.
Rfb1 Qe7 16. Ng5 Be6 17. Nxe6 Qxe6 18. Qe3 Bb6 19. Qd2 Rad8 20. a4 Qh3 21. Qf4
Rc8 22. Qh4 Qxh4 23. gxh4 Rcd8 24. b4 cxb4 25. Na2 c5 26. Nc1 a5 27. Na2 Bc7 28.
Rf1 Bf4 29. Bf3 b6 30. Kh1 Be5 31. Rab1 Rb8 32. Be2 Bd4 33. h3 b5 34. axb5 Rxb5
35. c3 Be5 36. d4 cxd4 37. Bxb5 Rd8 38. cxd4 Rxd4 39. Rbc1 h6 40. f3 Bg3 41.
Rc8+ Kh7 42. Rc4 Rxc4 43. Bxc4 Bxh4 44. Rd1 Bg5 45. e5 Nh5 46. Bxf7 Nf4 47. Rd6
Nxh3 48. Bg6+ Kg8 49. Ra6 Bd2 50. Ra8# 1-0

[Event "Challenge"]
[Site "http://www.queenalice.com/game.php?id=1463729"]
[Date "2017.2.10"]
[Round "-"]
[White "AuntieRenie"]
[Black "Knightgirl"]
[Result "0-1"]
[WhiteElo "1647"]
[BlackElo "1718"]

1. c4 e5 2. Nc3 Nc6 3. Nd5 Nf6 4. Nxf6+ Qxf6 5. e3 Bc5 6. b3 O-O 7. Rb1 d6 8.
Bb2 Bf5 9. Rc1 a6 10. Ne2 Nb4 11. f4 Nd3# 0-1

[Event "Let's Play Chess!"]
[Site "http://www.queenalice.com/game.php?id=1465229"]
[Date "2017.2.18"]
[Round "-"]
[White "knight576"]
[Black "Knightgirl"]
[Result "1-0"]
[WhiteElo "2099"]
[BlackElo "1722"]

1. d4 d5 2. c4 e6 3. e3 Nf6 4. Be2 Bb4+ 5. Kf1 O-O 6. Qa4 Bd6 7. c5 Be7 8. b4
Bd7 9. Qc2 Ne4 10. Bd2 Nxd2+ 11. Nxd2 Nc6 12. b5 Nb8 13. a4 Bg5 14. Ndf3 b6 15.
c6 Be8 16. Nh3 Bh6 17. g4 g6 18. Kg2 f5 19. g5 Bg7 20. Nf4 Bf7 21. Nd3 Qd6 22.
Nfe5 Bxe5 23. Nxe5 Kg7 24. h4 Be8 25. f4 a6 26. Kg3 a5 27. h5 gxh5 28. Bxh5 Bxh5
29. Rxh5 Rh8 30. Rh6 Qf8 31. Rxe6 Rg8 32. Rh1 Rh8 33. Reh6 Na6 34. Nd7 Qe7 35.
Qe2 Rae8 36. Ne5 Kg8 37. bxa6 Ra8 38. Ng6 Re8 39. Nxe7+ Rxe7 40. Qd3 Re4 41. a7
1-0

[Event "Let's Play Chess!"]
[Site "http://www.queenalice.com/game.php?id=1470734"]
[Date "2017.3.27"]
[Round "-"]
[White "charles31"]
[Black "Knightgirl"]
[Result "1-0"]
[WhiteElo "1789"]
[BlackElo "1729"]

1. e4 e5 2. a3 Nc6 3. Nc3 Nf6 4. Bc4 d6 5. h3 Be6 6. Bxe6 fxe6 7. d3 Qe7 8. Nf3
Nd4 9. Be3 Nc6 10. g4 O-O-O 11. Nb5 b6 12. Nd2 Kb7 13. c3 d5 14. exd5 exd5 15.
b4 a5 16. bxa5 Nxa5 17. a4 c6 18. Na3 c5 19. Nb3 Nxb3 20. Rb1 Na5 21. f3 e4 22.
Nb5 Nd7 23. h4 exf3 24. Qxf3 Qe6 25. Kd2 g6 26. Rhe1 Ne5 27. Qg3 Rc8 28. Bf4 Bg7
29. Bxe5 Bxe5 30. Rxe5 Qd7 31. Kc2 Nc6 32. Re2 Ka6 33. c4 Nb4+ 34. Kc3 Qg7+ 35.
Kb3 dxc4+ 36. dxc4 Rhe8 37. Rxe8 Rxe8 38. Nc7+ Kb7 39. Nxe8 Qd7 40. Nd6+ Kc6 41.
Nb5 Qd3+ 42. Qxd3 Nxd3 43. Rf1 Kb7 44. Rf7+ Ka6 45. Ra7# 1-0